000 00922nam a2200241 a 4500
001 84528
003 BD-RjUL
005 20241211140706.0
008 241211s2022 bg a|||| m||| 00| 0 eng d
035 _a(BD-RjUL)84528
040 _aBD-RjUL
_beng
_cBD-RjUL
_dBD-RjUL
041 _aeng
082 _a639.8
_223
_bPAI 2022
100 _aParvez, Md. Taskin
_914668
245 1 0 _aImpact of Aquaculture Expansion on Aquatic Biodiversity and Livelihood in North-Western Area of Bangladesh /
_cBy Md. Taskin Parvez ;
_6Supervisor : A. B. M. Mohsin
260 _aRajshahi :
_bDepartment of Fisheries, University of Rajshahi,
_c2022
300 _avii, 111 Leaves :
_bill, ;
_c29 cm.
502 _aThesis (M. Phil.) -- Department of Fisheries, University of Rajshahi, 2022
504 _aReferences : Leaves 53-64
650 _aAquaculture
_vLivelihood
_914669
700 _a Mohsin, A. B. M., Supervisor
_914670
942 _2ddc
_cTHE
999 _c84528
_d84528